00398nam a2200145 a 450000500170000000800410001702000180005805000230007610000180009924500480011726000350016530000170020044000220021765000130023920140412111416.0070822s19uu xx 00 eng d a0-439-26251-8 aTR(PS EbTa13 2002 aEinhorn, Kama aTake a trip to planet Blip /cKama Einhorn. aNew York :bScholastic,c2002. a16p. ; 26 cm aWord family tales aip sound